[Event "NSU Open Mesterklassen 2003"]
[Site "Hillerod"]
[Date "2003.01.03"]
[Round "1"]
[White "Christiansen, Erling Molbaek"]
[Black "Andersen, Jorn B"]
[Result "1/2-1/2"]
[WhiteElo "1868"]
[BlackElo "1975"]
[PlyCount "140"]
[EventDate "2003.??.??"]

1. e4 d6 2. d4 Nf6 3. Bd3 g6 4. f4 Bg7 5. Nf3 c5 6. c3 cxd4 7. cxd4 O-O 8. O-O
Nc6 9. Kh1 Bg4 10. Be3 Qb6 11. Nc3 e5 12. fxe5 dxe5 13. dxe5 Qxe3 14. exf6 Nb4
15. fxg7 Rfd8 16. Qe2 Qxd3 17. Qxd3 Nxd3 18. Ng5 Ne5 19. h3 Bd7 20. Kh2 Bc6 21.
Rad1 h6 22. Nf3 Nc4 23. Rxd8+ Rxd8 24. Rf2 Re8 25. b3 Nd6 26. e5 Nf5 27. Re2
Kxg7 28. b4 Bxf3 29. gxf3 Nd4 30. Re3 Rxe5 31. Rd3 Nf5 32. Ne4 Rb5 33. a3 Re5
34. Kg2 Re7 35. Kf2 b6 36. Nc3 Rc7 37. f4 Rc4 38. Kf3 Nd4+ 39. Kf2 Ne6 40. f5
Rf4+ 41. Ke3 Rxf5 42. Rd7 a5 43. Rb7 axb4 44. axb4 Rh5 45. Kd3 Rxh3+ 46. Kc4
Nf4 47. Ne4 Ne6 48. Nd6 Rf3 49. Rxb6 h5 50. Ra6 Rf4+ 51. Kc3 Nc7 52. Ra5 h4 53.
b5 Nd5+ 54. Kd3 g5 55. b6 Nxb6 56. Rxg5+ Kh6 57. Rg8 Nd5 58. Rh8+ Kg7 59. Rxh4
Rxh4 60. Nf5+ Kf6 61. Nxh4 Kg5 62. Nf3+ Kf4 63. Ke2 Kg3 64. Nd4 f6 65. Kd3 Kf4
66. Ne2+ Ke5 67. Ng3 Ne7 68. Ne2 f5 69. Ke3 Nd5+ 70. Kf3 Nf6 1/2-1/2

[Event "NSU Open Mesterklassen 2003"]
[Site "Hillerod"]
[Date "2003.01.03"]
[Round "1"]
[White "Stockflet, Henrik"]
[Black "Nicolaisen, Erik"]
[Result "0-1"]
[WhiteElo "1877"]
[BlackElo "1949"]
[PlyCount "104"]
[EventDate "2003.??.??"]

1. e4 c5 2. Nf3 e6 3. d4 cxd4 4. Nxd4 a6 5. Nc3 b5 6. Bd3 Qb6 7. Nb3 Qc7 8. O-O
Nf6 9. Bg5 Be7 10. Re1 d6 11. Bxf6 Bxf6 12. Bxb5+ Ke7 13. Bd3 Bxc3 14. bxc3
Qxc3 15. e5 dxe5 16. Re4 Qc7 17. Qg4 Nd7 18. Rc4 Qb6 19. Rb4 Qc7 20. Rc4 Qb6
21. Rb1 Nf6 22. Qe2 Rd8 23. Qxe5 Bd7 24. Nd2 Qa7 25. Rc7 Qxf2+ 26. Kxf2 Ng4+
27. Kf3 Nxe5+ 28. Ke4 Nxd3 29. cxd3 Rdc8 30. Rxc8 Rxc8 31. Ke3 Bb5 32. Rb4 Rc3
33. Rb3 Rxb3 34. axb3 Bc6 35. g3 Bd5 36. b4 Kd6 37. Kd4 e5+ 38. Kc3 f5 39. Nb1
g5 40. Na3 Kc6 41. Kd2 f4 42. gxf4 exf4 43. Nb1 h5 44. Ke2 g4 45. Kf2 Kd6 46.
d4 h4 47. Nc3 g3+ 48. Kg1 f3 49. hxg3 hxg3 50. Nd1 Be4 51. Ne3 Kc6 52. Nd1 Kd5
0-1

[Event "NSU Open Mesterklassen 2003"]
[Site "Hillerod"]
[Date "2003.01.03"]
[Round "1"]
[White "Danielsen, Heini"]
[Black "Noer, Martin Stampe"]
[Result "1-0"]
[WhiteElo "2116"]
[BlackElo "1847"]
[PlyCount "67"]
[EventDate "2003.??.??"]

1. e4 c6 2. d4 d5 3. Nd2 dxe4 4. Nxe4 Nf6 5. Nxf6+ exf6 6. Bc4 Bd6 7. Qf3 O-O
8. Ne2 Re8 9. O-O Qc7 10. h3 Be6 11. Bd3 Nd7 12. c4 Nf8 13. Be3 Ng6 14. Rac1
Qa5 15. Bb1 Bd7 16. Nf4 Nxf4 17. Bxf4 Bxf4 18. Qxf4 Re2 19. Qd6 Be6 20. b4 Qg5
21. Rc3 Re8 22. a4 Bc8 23. Rg3 Qd2 24. Qxf6 g6 25. Bd3 Re1 26. Rxe1 Qxe1+ 27.
Kh2 Qxb4 28. d5 cxd5 29. cxd5 Qxa4 30. Rf3 Qd7 31. Bb5 Qc7+ 32. d6 Qd8 33.
Qxf7+ Kh8 34. Qxe8+ 1-0

[Event "NSU Open Mesterklassen 2003"]
[Site "Hillerod"]
[Date "2003.01.03"]
[Round "1"]
[White "Damm, Kasper Wilken"]
[Black "Bogdanov, Dimitri"]
[Result "1/2-1/2"]
[WhiteElo "2093"]
[BlackElo "2075"]
[PlyCount "76"]
[EventDate "2003.??.??"]

1. e4 g6 2. d4 Bg7 3. c4 d6 4. Nc3 Nc6 5. Nge2 e5 6. Be3 f5 7. exf5 Bxf5 8. d5
Nce7 9. Ng3 Nf6 10. Bd3 O-O 11. O-O c6 12. Bg5 Kh8 13. Rc1 a6 14. Kh1 cxd5 15.
Nxd5 Nexd5 16. cxd5 Qd7 17. Bxf6 Bxf6 18. Bxf5 gxf5 19. Qc2 Bg5 20. Qc7 Rad8
21. Rc4 Qb5 22. h4 Rd7 23. Qxd7 Qxd7 24. hxg5 Qb5 25. Rfc1 Qxd5 26. Rh4 Kg8 27.
Rc7 Qd2 28. Rhxh7 Rc8 29. Rcg7+ Kf8 30. Nxf5 Rc1+ 31. Kh2 Qf4+ 32. Ng3 Rc4 33.
Rxb7 Kg8 34. g6 Qg4 35. Rhg7+ Kh8 36. Rh7+ Kg8 37. Rhg7+ Kh8 38. Rh7+ Kg8
1/2-1/2

[Event "NSU Open Mesterklassen 2003"]
[Site "Hillerod"]
[Date "2003.01.03"]
[Round "1"]
[White "Brandt, Klaus Peter"]
[Black "Schmidt, Tommy B"]
[Result "0-1"]
[WhiteElo "1873"]
[BlackElo "2066"]
[PlyCount "72"]
[EventDate "2003.??.??"]

1. d4 Nf6 2. c4 g6 3. Nc3 Bg7 4. e4 d6 5. Nf3 O-O 6. Be2 e5 7. Bg5 h6 8. Bh4
exd4 9. Nxd4 Re8 10. f3 Nc6 11. Nxc6 bxc6 12. O-O g5 13. Bf2 Nh5 14. Bd4 Bxd4+
15. Qxd4 Nf4 16. Rfe1 c5 17. Qd2 Bd7 18. Bf1 Bc6 19. Rad1 Qf6 20. Nd5 Bxd5 21.
exd5 Kg7 22. b3 Re5 23. Rxe5 Qxe5 24. Re1 Qf6 25. Re4 a5 26. a4 Rb8 27. Qxa5
Rxb3 28. Qd2 Rb2 29. Qc1 Ra2 30. Qd1 Qb2 31. Qe1 Nh3+ 32. Kh1 Nf2+ 33. Kg1 Nxe4
34. fxe4 Qd4+ 35. Kh1 Ra1 36. Qe2 Qxe4 0-1

[Event "NSU Open Mesterklassen 2003"]
[Site "Hillerod"]
[Date "2003.01.03"]
[Round "1"]
[White "Jacobsen, Hans Endrup"]
[Black "Nielsen, Nicholas Roland"]
[Result "1-0"]
[WhiteElo "1941"]
[BlackElo "2029"]
[PlyCount "87"]
[EventDate "2003.??.??"]

1. e4 c5 2. Nc3 Nc6 3. f4 d6 4. Nf3 Nf6 5. Bb5 Bd7 6. d3 a6 7. Bxc6 Bxc6 8. O-O
g6 9. Qe1 Bg7 10. Kh1 e6 11. f5 e5 12. Qh4 Nd7 13. Bg5 f6 14. Be3 Qe7 15. Nd2
b5 16. Nd5 Bxd5 17. exd5 Nb6 18. c4 g5 19. Qh5+ Qf7 20. Qf3 h5 21. b4 g4 22.
Qf2 Nd7 23. bxc5 dxc5 24. Bxc5 g3 25. hxg3 h4 26. gxh4 Rxh4+ 27. Qxh4 Nxc5 28.
Ne4 Nxe4 29. Qxe4 O-O-O 30. Qe3 Rh8+ 31. Kg1 Bf8 32. Qb6 Qh5 33. Qxa6+ Kd8 34.
Qxf6+ Be7 35. Qb6+ Kc8 36. f6 Qh2+ 37. Kf2 Qf4+ 38. Ke2 Qg4+ 39. Rf3 e4 40.
dxe4 Qxe4+ 41. Kf2 Qc2+ 42. Kg1 Bf8 43. Qc6+ Kd8 44. Re1 1-0

[Event "NSU Open Mesterklassen 2003"]
[Site "Hillerod"]
[Date "2003.01.03"]
[Round "1"]
[White "Rathlev, Jakob"]
[Black "Borg, Flemming"]
[Result "1-0"]
[WhiteElo "2095"]
[BlackElo "1885"]
[PlyCount "65"]
[EventDate "2003.??.??"]

1. d4 Nf6 2. Nf3 d6 3. Bg5 Nbd7 4. Nbd2 e5 5. c3 Be7 6. e4 c6 7. Bc4 O-O 8. O-O
Ng4 9. Bxe7 Qxe7 10. Qe2 b5 11. Bb3 a5 12. a3 c5 13. Bd5 Rb8 14. dxc5 dxc5 15.
Rfd1 Ngf6 16. Nf1 Nxd5 17. exd5 Re8 18. a4 b4 19. c4 f5 20. Re1 e4 21. Ng3 Qf6
22. Qd2 Ba6 23. Ng5 Bxc4 24. h4 Ne5 25. Rac1 Rbc8 26. f4 Nd3 27. Rxc4 Nxe1 28.
Qxe1 Qxb2 29. Nxf5 Qf6 30. Rxe4 Rxe4 31. Qxe4 Rf8 32. Ne7+ Kh8 33. Qxh7# 1-0

[Event "NSU Open Mesterklassen 2003"]
[Site "Hillerod"]
[Date "2003.01.03"]
[Round "1"]
[White "Andersen, Rune"]
[Black "Erichsen, Dan"]
[Result "1-0"]
[WhiteElo "1957"]
[BlackElo "2084"]
[PlyCount "63"]
[EventDate "2003.??.??"]

1. d4 d5 2. c4 c6 3. Nf3 Nf6 4. Nc3 a6 5. e3 Bf5 6. Qb3 Ra7 7. cxd5 cxd5 8. Ne5
e6 9. f3 b5 10. g4 Bg6 11. h4 Ng8 12. h5 f6 13. Bxb5+ Ke7 14. Qb4+ Qd6 15.
Qxd6+ Kxd6 16. hxg6 fxe5 17. Rxh7 Ne7 18. Rxh8 Nxg6 19. Rh1 exd4 20. exd4 Be7
21. Bd3 Nh4 22. Bf4+ Kd7 23. Bxb8 Rb7 24. Bg3 Nxf3+ 25. Kf2 Nxd4 26. Rab1 a5
27. Be5 Bc5 28. Kg2 Nc6 29. Bxg7 e5 30. Bf5+ Ke8 31. Bf6 d4 32. Ne4 1-0

[Event "NSU Open Mesterklassen 2003"]
[Site "Hillerod"]
[Date "2003.01.04"]
[Round "2"]
[White "Nicolaisen, Erik"]
[Black "Andersen, Rune"]
[Result "1/2-1/2"]
[WhiteElo "1949"]
[BlackElo "1957"]
[PlyCount "51"]
[EventDate "2003.??.??"]

1. e4 c5 2. c3 d5 3. exd5 Qxd5 4. d4 Nf6 5. Nf3 Bg4 6. Be2 e6 7. O-O Nc6 8. h3
Bh5 9. Be3 cxd4 10. cxd4 Bb4 11. Nc3 Qd6 12. Nb5 Qb8 13. Qb3 a6 14. Nc3 O-O 15.
d5 exd5 16. Nxd5 Nxd5 17. Qxd5 Bg6 18. a3 Be7 19. Bb6 Bf6 20. Qb3 Re8 21. Bd3
Ne5 22. Bxg6 Nxf3+ 23. Qxf3 hxg6 24. Rad1 Re6 25. Bd4 Bxd4 26. Rxd4 1/2-1/2

[Event "NSU Open Mesterklassen 2003"]
[Site "Hillerod"]
[Date "2003.01.04"]
[Round "2"]
[White "Damm, Kasper Wilken"]
[Black "Christiansen, Erling Molbaek"]
[Result "0-1"]
[WhiteElo "2093"]
[BlackElo "1868"]
[PlyCount "72"]
[EventDate "2003.??.??"]

1. e4 e5 2. f4 d5 3. exd5 e4 4. d3 Qxd5 5. c4 Qd4 6. Ne2 Qxd3 7. Qxd3 exd3 8.
Nd4 Bc5 9. Nb5 Na6 10. Bxd3 Nf6 11. a3 c6 12. N5c3 O-O 13. Nd2 Re8+ 14. Kf1 Bd7
15. Nde4 Nxe4 16. Nxe4 Rad8 17. Nf2 Bc8 18. Bb1 Re7 19. b4 Rde8 20. Nd3 Bd4 21.
Ra2 Bg4 22. Ne5 f6 23. h3 Be6 24. Bd3 fxe5 25. f5 e4 26. Be2 Bxf5 27. g4 Bg6
28. Kg2 e3 29. Rd1 Bb1 30. Rxd4 Bxa2 31. Kg3 Bb1 32. c5 Nc7 33. g5 Nd5 34. h4
Nc3 35. Bc4+ Kh8 36. Bb2 Na4 0-1

[Event "NSU Open Mesterklassen 2003"]
[Site "Hillerod"]
[Date "2003.01.04"]
[Round "2"]
[White "Bogdanov, Dimitri"]
[Black "Andersen, Jorn B"]
[Result "0-1"]
[WhiteElo "2075"]
[BlackElo "1975"]
[PlyCount "44"]
[EventDate "2003.??.??"]

1. e4 d6 2. d4 Nf6 3. Nc3 g6 4. f4 Bg7 5. Nf3 O-O 6. e5 Nfd7 7. h4 h5 8. Ng5
Nb6 9. e6 fxe6 10. Bd3 Qe8 11. Qe2 e5 12. dxe5 dxe5 13. fxe5 Bg4 14. Qe4 Bf5
15. Qe3 Nc6 16. Nf3 Rd8 17. Nb5 Bxd3 18. cxd3 Nb4 19. Na3 Nxd3+ 20. Ke2 Qa4 21.
Qg5 Qa6 22. Ke3 Nd5+ 0-1

[Event "NSU Open Mesterklassen 2003"]
[Site "Hillerod"]
[Date "2003.01.04"]
[Round "2"]
[White "Erichsen, Dan"]
[Black "Stockflet, Henrik"]
[Result "1-0"]
[WhiteElo "2084"]
[BlackElo "1877"]
[PlyCount "53"]
[EventDate "2003.??.??"]

1. e4 e5 2. Nf3 d6 3. d4 exd4 4. Nxd4 g6 5. Nc3 Bg7 6. Be3 Nf6 7. f3 O-O 8. Qd2
Re8 9. g4 Bxg4 10. fxg4 Nxe4 11. Nxe4 Rxe4 12. O-O-O Qh4 13. g5 Nc6 14. Nxc6
bxc6 15. Bg2 Ra4 16. a3 Rb8 17. c3 Qc4 18. Qc2 Qa2 19. Bxc6 Bxc3 20. bxc3 Qxa3+
21. Kd2 Rh4 22. Rb1 Rd8 23. Ra1 Rxh2+ 24. Kd3 Qxa1 25. Rxa1 Rxc2 26. Kxc2 Rf8
27. Rxa7 1-0

[Event "NSU Open Mesterklassen 2003"]
[Site "Hillerod"]
[Date "2003.01.04"]
[Round "2"]
[White "Rathlev, Jakob"]
[Black "Danielsen, Heini"]
[Result "1-0"]
[WhiteElo "2095"]
[BlackElo "2116"]
[PlyCount "71"]
[EventDate "2003.??.??"]

1. c4 Nf6 2. Nc3 e6 3. g3 c5 4. Nf3 Nc6 5. Bg2 d5 6. cxd5 Nxd5 7. d3 Be7 8. O-O
O-O 9. Bd2 Qd7 10. Rc1 b6 11. Qa4 Bb7 12. d4 Rfd8 13. dxc5 Nxc3 14. Bxc3 Bxc5
15. Rfd1 Qe7 16. Ne5 Nxe5 17. Bxb7 Qxb7 18. Bxe5 Rd5 19. Bc3 b5 20. Qg4 Bf8 21.
e3 Rad8 22. a3 h5 23. Rxd5 Qxd5 24. Qd4 Qa8 25. Qf4 Qc6 26. Bd2 Qb6 27. Bb4
Bxb4 28. axb4 a6 29. Rc7 f6 30. Rc1 Qd6 31. Qe4 Qd5 32. Qg6 Qf3 33. Qc2 Rd6 34.
h4 Qd5 35. Qg6 Rd8 36. Rc7 1-0

[Event "NSU Open Mesterklassen 2003"]
[Site "Hillerod"]
[Date "2003.01.04"]
[Round "2"]
[White "Schmidt, Tommy B"]
[Black "Jacobsen, Hans Endrup"]
[Result "0-1"]
[WhiteElo "2066"]
[BlackElo "1941"]
[PlyCount "106"]
[EventDate "2003.??.??"]

1. e4 c5 2. Nf3 d6 3. d4 cxd4 4. Nxd4 Nf6 5. Nc3 a6 6. Bc4 e6 7. Bb3 Nc6 8. Be3
Be7 9. Qe2 Qc7 10. O-O-O Na5 11. g4 Nxb3+ 12. Nxb3 b5 13. g5 Nd7 14. Qh5 b4 15.
Ne2 Bb7 16. f3 Rc8 17. Rd2 Ne5 18. Bd4 Nc4 19. Rhd1 Nxd2 20. Rxd2 e5 21. Be3 d5
22. exd5 Bxd5 23. Ng3 g6 24. Qg4 O-O 25. Kb1 Rfd8 26. Nc1 Be6 27. Rxd8+ Qxd8
28. Qe4 Qd5 29. b3 Bc5 30. Qxd5 Bxd5 31. Bxc5 Rxc5 32. Nd3 Rb5 33. Nxe5 Bxb3
34. f4 Bd5 35. Ne2 Kg7 36. h4 f6 37. Nd7 fxg5 38. hxg5 Ra5 39. Nf6 Bxa2+ 40.
Kc1 Bc4 41. Nd4 Ra1+ 42. Kd2 h5 43. f5 Rf1 44. Ne8+ Kf8 45. Nd6 Bf7 46. f6 Rg1
47. Nf3 Rg2+ 48. Kd3 Rg3 49. Ke2 Rxf3 50. Kxf3 a5 51. Ke3 a4 52. Kd2 h4 53. Ne4
h3 0-1

[Event "NSU Open Mesterklassen 2003"]
[Site "Hillerod"]
[Date "2003.01.04"]
[Round "2"]
[White "Nielsen, Nicholas Roland"]
[Black "Brandt, Klaus Peter"]
[Result "1-0"]
[WhiteElo "2029"]
[BlackElo "1873"]
[PlyCount "131"]
[EventDate "2003.??.??"]

1. e4 e6 2. d4 d5 3. e5 c5 4. c3 Nc6 5. Nf3 Qb6 6. a3 Bd7 7. Be2 Nge7 8. b4
cxd4 9. cxd4 Nf5 10. Be3 Nxe3 11. fxe3 Be7 12. O-O O-O 13. Nc3 Nd8 14. Bd3 f5
15. exf6 Bxf6 16. Qc2 h6 17. Bh7+ Kh8 18. Ne5 Be8 19. Bg6 Qd6 20. Bxe8 Rxe8 21.
Qg6 Rf8 22. Nb5 Qe7 23. Ng4 a6 24. Nxf6 Rxf6 25. Rxf6 gxf6 26. Qxh6+ Kg8 27.
Nc3 Rc8 28. Ne2 Nf7 29. Qg6+ Kf8 30. Nf4 Rc3 31. Nh5 f5 32. Nf6 Qc7 33. Nh7+
Ke7 34. Re1 Rc1 35. Qf6+ Kd6 36. Qh4 Qc3 37. Qf4+ Kc6 38. Rxc1 Qxc1+ 39. Kf2
Qxa3 40. g4 Qxb4 41. g5 Qd2+ 42. Kg3 Nh8 43. Nf8 Qd1 44. Kh4 Qg4+ 45. Qxg4 fxg4
46. Kxg4 a5 47. g6 Nxg6 48. Nxg6 a4 49. Nf4 b5 50. Nd3 b4 51. Nxb4+ Kb5 52. Nc2
Kc4 53. h4 Kb3 54. Na1+ Kb2 55. h5 a3 56. h6 Kxa1 57. h7 a2 58. h8=Q Kb2 59.
Qb8+ Kc2 60. Qa7 Kb2 61. Qb6+ Kc2 62. Qa5 Kb2 63. Qb4+ Kc2 64. Qa3 Kb1 65. Qb3+
Ka1 66. Qb4 1-0

[Event "NSU Open Mesterklassen 2003"]
[Site "Hillerod"]
[Date "2003.01.04"]
[Round "2"]
[White "Borg, Flemming"]
[Black "Noer, Martin Stampe"]
[Result "1-0"]
[WhiteElo "1885"]
[BlackElo "1847"]
[PlyCount "107"]
[EventDate "2003.??.??"]

1. e4 c6 2. d4 d5 3. exd5 cxd5 4. c4 Nf6 5. Nc3 e6 6. Nf3 Be7 7. Bg5 O-O 8. c5
Nc6 9. Bb5 Ne8 10. Bxe7 Qxe7 11. O-O Bd7 12. Bxc6 bxc6 13. b4 Nc7 14. Qd3 Rfb8
15. a3 Bc8 16. Rfe1 Ba6 17. Qe3 f6 18. g4 h6 19. Nh4 Qd7 20. Ng6 Kf7 21. Nh4
Bc4 22. f4 Re8 23. Qg3 g6 24. g5 hxg5 25. fxg5 e5 26. gxf6 Rg8 27. Rxe5 Ne6 28.
Rae1 Rae8 29. Nf3 Kxf6 30. Ne2 Bxe2 31. R1xe2 Rg7 32. Ng5 Rge7 33. Qh3 Nxd4 34.
Qxd7 Nxe2+ 35. Rxe2 Rxd7 36. Rxe8 Kxg5 37. Re6 d4 38. Kf2 Kf5 39. Rxc6 g5 40.
Ke2 Ke5 41. Rg6 Re7 42. Kd3 Kf5 43. Rh6 Re3+ 44. Kxd4 Rxa3 45. c6 Ra2 46. Kc5
Ke5 47. Kb5 Kd5 48. Rh7 Re2 49. Rd7+ Ke6 50. Rxa7 Rxh2 51. Rg7 Kf6 52. Rg8 Rc2
53. Kb6 Rc4 54. b5 1-0

[Event "NSU Open Mesterklassen 2003"]
[Site "Hillerod"]
[Date "2003.01.04"]
[Round "3"]
[White "Brandt, Klaus Peter"]
[Black "Damm, Kasper Wilken"]
[Result "0-1"]
[WhiteElo "1873"]
[BlackElo "2093"]
[PlyCount "130"]
[EventDate "2003.??.??"]

1. d4 Nf6 2. c4 g6 3. Nc3 Bg7 4. e4 d6 5. Be2 O-O 6. Nf3 c5 7. d5 e6 8. O-O
exd5 9. exd5 Bg4 10. h3 Bxf3 11. Bxf3 Nbd7 12. Bf4 Ne8 13. Re1 Ne5 14. Be2 f5
15. Qd2 Nf7 16. Bf1 Nf6 17. Re6 Nh5 18. Bh2 Bh6 19. Qe1 Nf4 20. Rd1 Ne5 21.
Bxf4 Bxf4 22. Nb5 Nf7 23. g3 Be5 24. f4 Bf6 25. Qe2 a6 26. Nc3 b5 27. cxb5 axb5
28. Qxb5 Kg7 29. Rde1 Rb8 30. Qc6 Bd4+ 31. Kh1 Rxb2 32. Nb5 Bf2 33. R1e2 Rxe2
34. Rxe2 Bxg3 35. Nc7 Qh4 36. Ne6+ Kh6 37. Qb5 Rg8 38. Qc4 Ne5 39. Qc1 Nd3 40.
Qe3 Nf2+ 41. Kg1 Ne4 42. Bg2 g5 43. fxg5+ Nxg5 44. Nxg5 Qxg5 45. Qc3 Be5 46.
Qf3 Rb8 47. Qd3 Qc1+ 48. Bf1 Qf4 49. Qd2 Rg8+ 50. Bg2 Bd4+ 51. Kh1 Qxd2 52.
Rxd2 Rg3 53. Re2 Be5 54. Rf2 Kg5 55. Rf3 Rxf3 56. Bxf3 Kf4 57. Kg2 Ke3 58. Bd1
h6 59. Bc2 f4 60. a4 f3+ 61. Kf1 Bc3 62. Bb3 Ba5 63. Bc4 Kd4 64. Bb5 c4 65. Kf2
c3 0-1

[Event "NSU Open Mesterklassen 2003"]
[Site "Hillerod"]
[Date "2003.01.04"]
[Round "3"]
[White "Jacobsen, Hans Endrup"]
[Black "Rathlev, Jakob"]
[Result "0-1"]
[WhiteElo "1941"]
[BlackElo "2095"]
[PlyCount "98"]
[EventDate "2003.??.??"]

1. e4 c5 2. Nc3 e6 3. f4 Nc6 4. Nf3 Nge7 5. g3 g6 6. Bg2 Bg7 7. d3 O-O 8. O-O
d6 9. Ne2 Qb6 10. c3 f5 11. Rb1 a5 12. Be3 Qa6 13. e5 Nd5 14. Bf2 dxe5 15. Nxe5
Nxe5 16. fxe5 Bxe5 17. Bxc5 Rd8 18. Qd2 Bg7 19. d4 b6 20. Ba3 Bb7 21. Nf4 Re8
22. Nd3 Rad8 23. Rbe1 Nf6 24. Ne5 Ne4 25. Qf4 Qa8 26. Nc4 b5 27. Bxe4 Bxe4 28.
Nd6 e5 29. Qf2 exd4 30. Nxe8 Rxe8 31. Qd2 Qa7 32. Rf2 Qb6 33. Rd1 Kh8 34. Kf1
Qc6 35. Rc1 Qb6 36. b3 dxc3 37. Rxc3 b4 38. Rc4 bxa3 39. Re2 Rd8 40. Qg5 Rd1+
41. Re1 Rxe1+ 42. Kxe1 Qg1+ 43. Ke2 Qxh2+ 44. Ke1 Qh1+ 45. Kd2 Bh6 46. Rc8+ Kg7
47. Rc7+ Kf8 48. Rc8+ Kf7 49. Rc7+ Ke6 0-1

[Event "NSU Open Mesterklassen 2003"]
[Site "Hillerod"]
[Date "2003.01.04"]
[Round "3"]
[White "Noer, Martin Stampe"]
[Black "Stockflet, Henrik"]
[Result "1-0"]
[WhiteElo "1847"]
[BlackElo "1877"]
[PlyCount "87"]
[EventDate "2003.??.??"]

1. d4 f5 2. Bg5 g6 3. e3 Bg7 4. Bc4 Nf6 5. Nc3 c6 6. Nf3 Qb6 7. Bb3 d5 8. Bxf6
Bxf6 9. O-O Be6 10. Na4 Qc7 11. Nc5 Bf7 12. Rc1 Nd7 13. Nxd7 Qxd7 14. c4 O-O
15. Qe2 Kh8 16. Rfd1 Qd6 17. Rd2 g5 18. cxd5 Bxd5 19. Bxd5 Qxd5 20. Rc5 Qe6 21.
b4 Rfd8 22. b5 Rd5 23. Rdc2 g4 24. Ne1 Rxc5 25. dxc5 Rd8 26. bxc6 Qxc6 27. f3
h5 28. Nd3 e5 29. Nb4 Qa4 30. Qc4 Kg7 31. c6 Qa3 32. Kf2 bxc6 33. Nxc6 Rd1 34.
Nb4 a5 35. Nd5 Qd6 36. Nxf6 Kxf6 37. Ke2 Rg1 38. Kf2 Qd1 39. Qc6+ Kg5 40. f4+
exf4 41. exf4+ Kxf4 42. Qh6+ Ke4 43. Qe3+ Kd5 44. Rd2+ 1-0

[Event "NSU Open Mesterklassen 2003"]
[Site "Hillerod"]
[Date "2003.01.04"]
[Round "3"]
[White "Danielsen, Heini"]
[Black "Schmidt, Tommy B"]
[Result "0-1"]
[WhiteElo "2116"]
[BlackElo "2066"]
[PlyCount "72"]
[EventDate "2003.??.??"]

1. e4 c5 2. Nf3 Nc6 3. d4 cxd4 4. Nxd4 Nf6 5. Nc3 d6 6. Bg5 e6 7. Qd2 Be7 8.
O-O-O O-O 9. f4 Nxd4 10. Qxd4 Qa5 11. Bd3 h6 12. Bh4 e5 13. fxe5 dxe5 14. Qe3
Be6 15. Rdf1 Nd5 16. exd5 Bxh4 17. Qxe5 Rae8 18. Qe4 Bg5+ 19. Kb1 f5 20. Qc4
Bd7 21. Re1 Rxe1+ 22. Rxe1 Rc8 23. Qb3 Bf6 24. d6+ Kh7 25. Rf1 Bxc3 26. bxc3
Rxc3 27. Qf7 Qb4+ 28. Kc1 Rxd3 29. Qxd7 Qd2+ 30. Kb1 Qb4+ 31. Kc1 Qa3+ 32. Kb1
Rd5 33. Rc1 Ra5 34. Rd1 Qxa2+ 35. Kc1 Qa1+ 36. Kd2 Rd5+ 0-1

[Event "NSU Open Mesterklassen 2003"]
[Site "Hillerod"]
[Date "2003.01.04"]
[Round "3"]
[White "Bogdanov, Dimitri"]
[Black "Erichsen, Dan"]
[Result "0-1"]
[WhiteElo "2075"]
[BlackElo "2084"]
[PlyCount "72"]
[EventDate "2003.??.??"]

1. e4 e5 2. Nf3 Nc6 3. Bb5 a6 4. Ba4 Nf6 5. O-O Nxe4 6. d4 b5 7. Bb3 d5 8. dxe5
Be6 9. Qe2 Nc5 10. Rd1 Nxb3 11. axb3 Be7 12. Nc3 Nb4 13. Ne4 Bf5 14. Nf6+ gxf6
15. exf6 Bxc2 16. Bg5 Bxd1 17. Rxd1 Qd6 18. fxe7 f6 19. Bd2 Nc6 20. Nh4 Qxe7
21. Qh5+ Qf7 22. Qe2+ Kd8 23. Bf4 Kc8 24. Qc2 Kb7 25. Nf5 Rad8 26. Rc1 Qd7 27.
Qc5 d4 28. Ng3 Rhe8 29. f3 Qd5 30. Qxd5 Rxd5 31. Ne4 Red8 32. Nc5+ Kb6 33. Nxa6
R8d7 34. b4 Re7 35. Kf1 d3 36. Bd2 Re2 0-1

[Event "NSU Open Mesterklassen 2003"]
[Site "Hillerod"]
[Date "2003.01.04"]
[Round "3"]
[White "Andersen, Jorn B"]
[Black "Nicolaisen, Erik"]
[Result "1/2-1/2"]
[WhiteElo "1975"]
[BlackElo "1949"]
[PlyCount "42"]
[EventDate "2003.??.??"]

1. c4 Nc6 2. g3 e5 3. Bg2 f5 4. Nc3 Nf6 5. Rb1 Be7 6. a3 a5 7. d3 O-O 8. e3 Qe8
9. Nge2 Rb8 10. Nb5 Bd8 11. d4 d6 12. O-O Ne7 13. dxe5 dxe5 14. Bd2 Bd7 15.
Bxa5 Bxb5 16. cxb5 Qxb5 17. Bb4 Re8 18. Nc3 Qb6 19. Na4 Qb5 20. Rc1 e4 21. Qb3+
Qd5 1/2-1/2

[Event "NSU Open Mesterklassen 2003"]
[Site "Hillerod"]
[Date "2003.01.04"]
[Round "3"]
[White "Borg, Flemming"]
[Black "Nielsen, Nicholas Roland"]
[Result "0-1"]
[WhiteElo "1885"]
[BlackElo "2029"]
[PlyCount "56"]
[EventDate "2003.??.??"]

1. e4 c5 2. c3 d5 3. exd5 Qxd5 4. d4 cxd4 5. cxd4 Nc6 6. Nf3 e5 7. Nc3 Bb4 8.
Bd2 Bxc3 9. Bxc3 e4 10. Ne5 Nxe5 11. dxe5 Ne7 12. e6 Bxe6 13. Bxg7 Rg8 14. Qxd5
Nxd5 15. Bb5+ Bd7 16. Bxd7+ Kxd7 17. Be5 Ke6 18. Bg3 f5 19. O-O f4 20. Bh4 Rac8
21. Rac1 Nb4 22. g3 Nd3 23. Rxc8 Rxc8 24. gxf4 Rc2 25. f3 e3 26. Rb1 Kf5 27.
Be1 Nxe1 28. Rxe1 Kxf4 0-1

[Event "NSU Open Mesterklassen 2003"]
[Site "Hillerod"]
[Date "2003.01.04"]
[Round "3"]
[White "Christiansen, Erling Molbaek"]
[Black "Andersen, Rune"]
[Result "1-0"]
[WhiteElo "1868"]
[BlackElo "1957"]
[PlyCount "50"]
[EventDate "2003.??.??"]

1. e4 c5 2. Nc3 Nc6 3. g3 g6 4. Bg2 Bg7 5. Nge2 d6 6. d3 f5 7. O-O Nf6 8. Be3
Ng4 9. Qd2 Nxe3 10. fxe3 e5 11. exf5 Bxf5 12. e4 Be6 13. Nd5 Bxd5 14. exd5 Ne7
15. Qg5 Qd7 16. Be4 Rf8 17. Rxf8+ Kxf8 18. h4 h6 19. Qe3 Kg8 20. Rf1 Nf5 21.
Qf3 Rf8 22. Qg4 Rf6 23. h5 Qb5 24. hxg6 Nd4 25. Nxd4 Rxf1+ 1-0

[Event "NSU Open Mesterklassen 2003"]
[Site "Hillerod"]
[Date "2003.01.05"]
[Round "4"]
[White "Erichsen, Dan"]
[Black "Nielsen, Nicholas Roland"]
[Result "0-1"]
[WhiteElo "2084"]
[BlackElo "2029"]
[PlyCount "122"]
[EventDate "2003.??.??"]

1. e4 c5 2. Nf3 d6 3. d4 cxd4 4. Nxd4 Nf6 5. Nc3 g6 6. Be3 Bg7 7. Bc4 O-O 8. h3
Nc6 9. O-O Bd7 10. f4 a6 11. Bb3 Qc7 12. Qf3 Na5 13. Rfe1 b5 14. Rad1 e5 15.
fxe5 dxe5 16. Nde2 Nxb3 17. cxb3 Bc6 18. Bg5 Nxe4 19. Nxe4 f5 20. Qc3 fxe4 21.
Ng3 Rac8 22. Rc1 Qb7 23. Qe3 Bd5 24. Re2 Rxc1+ 25. Qxc1 Rc8 26. Qe3 Bf8 27. Qf2
Bc5 28. Be3 Qb6 29. Bxc5 Qxc5 30. Nxe4 Bxe4 31. Rxe4 Kg7 32. b4 Qxf2+ 33. Kxf2
Rc2+ 34. Re2 Rxe2+ 35. Kxe2 Kf6 36. Ke3 Ke6 37. Ke4 Kd6 38. g3 Ke6 39. g4 Kd6
40. h4 Ke6 41. b3 Kd6 42. h5 Ke6 43. hxg6 hxg6 44. g5 Kd6 45. a4 Ke6 46. a5 Kd6
47. Ke3 Kd5 48. Kd3 e4+ 49. Ke2 Ke5 50. Ke3 Kf5 51. Kd4 Kf4 52. Kc5 e3 53. Kb6
e2 54. Kxa6 e1=Q 55. Kxb5 Qe5+ 56. Ka4 Qd4 57. a6 Ke5 58. Ka5 Kd6 59. Kb5 Kc7
60. Ka4 Kb6 61. a7 Qa1# 0-1

[Event "NSU Open Mesterklassen 2003"]
[Site "Hillerod"]
[Date "2003.01.05"]
[Round "4"]
[White "Andersen, Rune"]
[Black "Damm, Kasper Wilken"]
[Result "0-1"]
[WhiteElo "1957"]
[BlackElo "2093"]
[PlyCount "100"]
[EventDate "2003.??.??"]

1. d4 Nf6 2. c4 g6 3. Nc3 Bg7 4. e4 d6 5. Nge2 O-O 6. Ng3 e5 7. d5 a5 8. Be2
Na6 9. h4 h5 10. Bg5 Qd7 11. Qd2 Nh7 12. Bh6 f6 13. Be3 Qe8 14. O-O-O Bd7 15.
Rdg1 Nc5 16. Qd1 Rf7 17. f3 Qf8 18. Nf1 f5 19. Nd2 a4 20. Kc2 Nf6 21. Qe1 b6
22. Bg5 Bh6 23. g4 hxg4 24. fxg4 Bxg5 25. hxg5 Nxg4 26. Bxg4 fxg4 27. Rh6 Qg7
28. Rgh1 Re8 29. R1h4 Kf8 30. b4 axb3+ 31. axb3 Ke7 32. Qh1 Rg8 33. Qa1 Kd8 34.
b4 Nb7 35. Qa8+ Bc8 36. Nb5 g3 37. Na7 Kd7 38. Nxc8 Rxc8 39. Qxb7 g2 40. Rg4
Rf2 41. Qc6+ Ke7 42. Rh3 Qf7 43. Rd3 Qh7 44. c5 Kd8 45. Rf3 Rxf3 46. Nxf3 Qh3
47. Rh4 Qxh4 48. Nxh4 g1=Q 49. Nxg6 Qxg5 50. Nf8 Qg2+ 0-1